[Event "German Bundesliga 2021-22"]
[Site "Germany"]
[Date "2022.04.10"]
[Round "4.16"]
[White "Pajeken, Jakob Leon"]
[Black "Lauber, Arnd"]
[Result "1/2-1/2"]
[WhiteElo "2370"]
[BlackElo "2411"]
[Annotator "TA"]
[PlyCount "136"]
[EventDate "2022.03.05"]
[EventType "team-tourn"]
[EventCountry "GER"]
[SourceTitle "playchess.com"]
[Source "ChessBase"]
[SourceQuality "1"]
[TimeControl "40/5400+30:1800+30"]

{[%evp 13,136,4,15,0,0,0,0,0,0,0,0,0,0,-4,14,11,9,14,22,17,16,14,14,21,21,10,47,7,46,47,43,15,38,43,36,46,42,41,60,55,53,11,12,10,30,23,30,24,32,38,64,33,56,32,26,-6,-6,-6,-6,-6,-6,-6,-5,-6,-6,-140,-133,-133,-133,-144,-144,-221,-218,-199,-222,-220,-46,-163,-172,-174,-14,-70,-62,-112,-8,-80,-40,-173,-168,-137,0,0,0,0,0,0,0,0,0,0,0,0,0,0,0,0,0,0,0,0,0,-8,-8,-8,-8,-8,-8,-8,-8,-8,0,0,0,-8,0]} 1. d4 {[%emt 0:00:00]} Nf6 {[%emt 0:00:00]} 2. Nf3 {[%emt 0:00:00]} e6 {[%emt 0:00:00]} 3. g3 {[%emt 0:00:00]} c5 {[%emt 0:00:00]} 4. Bg2 {[%emt 0:00:00]} cxd4 {[%emt 0:00:00]} 5. O-O {[%emt 0:00:00]} d5 {[%emt 0:00:00]} 6. Nxd4 {[%emt 0:00:00]} e5 {[%emt 0:11:24]} 7. Nb3 {[%emt 0:00:00]} Be6 {[%emt 0:01:06]} 8. Bg5 {[%emt 0:00:00] D02: 1 d4 d5 2 Nf3 sidelines, including 2...Nf6 3 g3 and 2...Nf6 3 Bf4.} Nbd7 {[%emt 0:05:10]} 9. e4 {[%emt 0:00:00]} dxe4 {[%emt 0:05:26]} 10. Nc3 {[%emt 0:00:00]} Be7 {[%emt 0:03:32]} 11. Nxe4 {[%emt 0:02:07]} Nxe4 {[%emt 0:00:36]} 12. Bxe7 {[%emt 0:00:07]} Qxe7 {[%emt 0:01:57]} 13. Bxe4 {[%emt 0:00:19]} Nf6 {[%emt 0:02:09]} 14. Bg2 {[%emt 0:00:59]} O-O {[%emt 0:01:27]} 15. Qe2 {[%emt 0:01:49]} Bd5 {[%emt 0:02:49]} 16. Bxd5 {[%emt 0:03:17]} Nxd5 {[%emt 0:00:10]} 17. Rfe1 {[%emt 0:01:01]} Rfe8 {[%emt 0:05:48]} 18. Rad1 {[%emt 0:03:12]} Nf6 {[%emt 0:04:54]} 19. Nd4 {[%emt 0:07:27][%cal Bb3d4,Bd4b5,Bb5d6][%mdl 32] [#]} Qc5 $146 {[%emt 0:05:16]} ({Predecessor:} 19... a6 20. Nf5 Qe6 21. Nd6 Re7 22. Qc4 b5 23. Qxe6 Rxe6 24. c4 bxc4 25. Nxc4 e4 {½-½ (37) Mukashev,A (2256)-Hosseinipour,M (2251) Sharjah 2013}) 20. Nb5 {[%emt 0:11:09][%cal Ob2b4]} e4 {[%emt 0:08:55]} 21. Nd6 {[%emt 0:03:11]} Re6 {[%emt 0:00:23]} 22. Qb5 {[%emt 0:09:15]} Qc7 {[%emt 0:05:13] [#]} (22... Qxc2 {seems wilder.} 23. Rc1 Qd3 24. Qxb7 Rf8) 23. Qc4 $1 {[%emt 0:02:24]} Qxc4 {[%emt 0:00:11]} 24. Nxc4 {[%emt 0:05:47]} Rc8 {[%emt 0:00:47]} 25. Rd4 {[%emt 0:00:48]} b5 {[%emt 0:05:05]} 26. Ne3 {[%emt 0:01:08]} h5 {[%emt 0:01:48]} 27. c4 {[%emt 0:01:47]} bxc4 {[%emt 0:01:36]} 28. Nxc4 {[%emt 0:00:15]} Rb8 {[%emt 0:04:22]} 29. b3 {[%emt 0:02:13]} Rc8 {[%emt 0:03:06]} 30. h3 {[%emt 0:02:21]} a6 {[%emt 0:00:18]} 31. Red1 {[%emt 0:02:18]} g6 {[%emt 0:04:38]} 32. Kf1 {[%emt 0:03:45]} (32. Rd6 $5 {[%cal Rd6e6]}) 32... Kg7 {[%emt 0:01:52]} 33. Ke2 {[%emt 0:00:43]} (33. Rd6 $5 {[%cal Rd6e6]}) 33... h4 {[%emt 0:00:30]} 34. g4 {[%emt 0:00:38]} Nh7 {[%emt 0:00:25]} 35. Rd5 {[%emt 0:02:27] Against Ng5} Kh6 {[%emt 0:01:06]} 36. Kf1 $1 {[%emt 0:06:56]} Ng5 {[%emt 0:00:29]} 37. Kg2 {[%emt 0:00:05]} Rf6 {[%emt 0:05:38]} 38. Re5 {[%emt 0:05:23]} Rf4 {[%emt 0:06:17]} 39. Rdd5 {[%emt 0:04:55]} (39. Rd7 $11 {keeps the balance.}) 39... Nf3 $17 {[%emt 0:02:08]} 40. Re7 {[%emt 0:09:14]} Ne1+ $1 {[%emt 0:01:25]} 41. Kg1 {[%emt 0:33:54]} Nd3 {[%emt 0:00:00]} 42. Rdd7 {[%emt 0:00:00]} (42. Rd4 $17 Nxf2 43. Kg2) 42... Nxf2 $19 {[%emt 0:00:00]} 43. Kg2 {[%emt 0:00:00]} Nd3 {[%emt 0:02:24]} 44. Rxf7 {[%emt 0:00:00]} Ne1+ $2 {[%emt 0:00:54]} (44... Rxf7 $19 45. Rxf7 Re8) 45. Kh1 {[%emt 0:00:00]} ({White must play} 45. Kg1 $15 Nf3+ 46. Kg2 Rxf7 47. Rxf7) 45... Rxf7 {[%emt 0:08:27]} 46. Rxf7 {[%emt 0:00:00][%mdl 4096] Endgame KRN-KRN} Nf3 $2 {[%emt 0:00:04]} (46... Rd8 $19 {White must now prevent ...Rd3.} 47. Rf1 Nf3) 47. Rd7 {[%emt 0:00:00]} ({White should play} 47. Rf6 $11) 47... Ng5 {[%emt 0:08:24]} 48. Kg2 {[%emt 0:00:00]} Rc6 {[%emt 0:04:23]} (48... Rf8 $17 {And now ...Rf3 would win.} 49. Rd6 Kh7) 49. Rd2 {[%emt 0:00:00]} (49. Rd6 $11 Rxd6 50. Nxd6) 49... Rf6 $1 $17 {[%emt 0:01:01]} 50. Ne5 {[%emt 0:00:00] [#] Inhibits Rf3.} (50. Rd6 $15 Rxd6 51. Nxd6) 50... Ne6 $1 $19 {[%emt 0:01:52]} 51. Kh2 {[%emt 0:00:00] [#]} e3 {[%emt 0:03:40]} ({Black should try} 51... Rf1 $1 $17 {Strongly threatening ...Nf4.} 52. Re2 Nf4) 52. Re2 $1 $11 {[%emt 0:00:00] The position is equal.} Rf2+ {[%emt 0:00:04]} 53. Rxf2 {[%emt 0:00:00]} exf2 {[%emt 0:00:03] KN-KN} 54. Kg2 {[%emt 0:00:00]} Nf4+ {[%emt 0:00:03]} (54... Ng5 {looks sharper.} 55. b4 Nxh3 56. a4 Kg5) 55. Kxf2 {[%emt 0:00:00]} Nxh3+ {[%emt 0:00:02]} 56. Kf3 {[%emt 0:00:00]} Ng5+ {[%emt 0:00:58]} 57. Kg2 {[%emt 0:00:00]} Ne6 {[%emt 0:00:24]} 58. Kh3 {[%emt 0:00:00]} g5 {[%emt 0:00:58]} 59. b4 {[%emt 0:00:00]} Kg7 {[%emt 0:00:12]} 60. a4 {[%emt 0:00:00]} Kf6 {[%emt 0:01:33]} 61. Nd3 {[%emt 0:00:00]} Ke7 {[%emt 0:00:46]} 62. b5 {[%emt 0:00:00]} axb5 {[%emt 0:00:04]} 63. axb5 {[%emt 0:00:00]} Kd6 {[%emt 0:00:28]} 64. b6 {[%emt 0:00:00]} Kc6 {[%emt 0:00:33]} 65. Ne5+ {[%emt 0:00:00]} Kxb6 {[%emt 0:00:04]} 66. Nf3 $1 {[%emt 0:00:00]} Nf4+ {[%emt 0:00:52]} 67. Kh2 {[%emt 0:00:00]} Ne6 {[%emt 0:00:04]} 68. Kh3 {[%emt 0:00:00]} Nf4+ {Weighted Error Value: White=0.24 (precise) /Black=0.21 (precise)} 1/2-1/2

[Event "German Bundesliga 2021-22"]
[Site "Germany"]
[Date "2022.04.30"]
[Round "5.1"]
[White "Sarana, Alexey"]
[Black "Wojtaszek, Radoslaw"]
[Result "1/2-1/2"]
[WhiteElo "2685"]
[BlackElo "2686"]
[Annotator "TA"]
[PlyCount "50"]
[EventDate "2022.03.05"]
[EventType "team-tourn"]
[EventCountry "GER"]
[SourceTitle "playchess.com"]
[Source "ChessBase"]
[SourceQuality "1"]
[TimeControl "40/5400+30:1800+30"]

{[%evp 14,50,17,13,21,17,27,27,18,22,31,30,31,23,34,28,25,18,27,24,29,6,14,12,13,6,6,9,12,12,6,6,6,8,13,5,18,5,17]} 1. d4 {[%emt 0:00:00]} Nf6 {[%emt 0:00:00]} 2. c4 {[%emt 0:00:00]} e6 {[%emt 0:00:00]} 3. Nf3 {[%emt 0:00:00]} d5 {[%emt 0:00:00]} 4. Nc3 {[%emt 0:00:00]} Bb4 {[%emt 0:00:00]} 5. Bg5 {[%emt 0:00:00]} h6 {[%emt 0:00:00]} 6. Bxf6 {[%emt 0:00:00]} Qxf6 {[%emt 0:00:00]} 7. Qa4+ {[%emt 0:00:00]} Nc6 {[%emt 0:00:00]} 8. e3 {[%emt 0:00:00]} O-O {[%emt 0:00:00] D38: Queen's Gambit Declined: Ragozin Defence (4 Nf3 Bb4).} 9. Be2 {[%emt 0:00:00]} Bd7 {[%emt 0:00:00][%cal Oc6d4] [#] And now ...Nxd4! would win.} 10. Qb3 dxc4 {[%emt 0:00:00] White has an edge.} 11. Qxc4 {[%emt 0:04:00]} Qg6 {[%emt 0:00:00]} 12. O-O {[%emt 0:03:30]} Bd6 {[%emt 0:00:00]} 13. Rfd1 {[%emt 0:13:30]} Na5 {[%emt 0:00:00]} 14. Qd3 {[%emt 0:00:00]} Qxd3 $1 {[%emt 0:00:00]} 15. Bxd3 {[%emt 0:00:00][%cal Be2d3,Bd3b1,Bb1e4][%mdl 32]} Nc6 {[%emt 0:00:00][%cal Ba5c6,Bc6b4,Bb4d5][%mdl 32] Prevents Ne5.} 16. Rac1 {[%emt 0:00:30]} Rfd8 {[%emt 0:00:00]} 17. Ne4 {[%emt 0:06:30]} Nb4 {[%emt 0:00:00] The position is equal.} 18. Bb1 {[%emt 0:02:30]} Ba4 {[%emt 0:00:00]} 19. Rd2 {[%emt 0:01:30]} Bc6 {[%emt 0:06:00]} 20. a3 {[%emt 0:03:30]} Bxe4 {[%emt 0:00:30]} 21. Bxe4 {[%emt 0:00:30]} Nd5 {[%emt 0:00:30] [#]} 22. Ne1 $146 {[%emt 0:03:30]} ({Predecessor:} 22. g3 c6 23. Ne1 Nf6 24. Bf3 e5 25. dxe5 Bxe5 26. Rcd1 Rxd2 27. Rxd2 Bc7 28. Kf1 {½-½ (39) Fressinet,L (2720)-Bacrot,E (2695) Grosseto Prugna 2015}) 22... c6 {[%emt 0:09:30]} 23. Nd3 {[%emt 0:03:30]} a5 {[%emt 0:02:30]} 24. g4 {[%emt 0:03:30]} g5 {[%emt 0:13:30]} 25. Kg2 {[%emt 0:01:30]} Kg7 {[%emt 0:06:30] An even fight not without its subleties.  Weighted Error Value: White=0.04 (flawless) /Black=0.01 (flawless)} 1/2-1/2

[Event "German Bundesliga 2021-22"]
[Site "Germany"]
[Date "2022.04.30"]
[Round "5.1"]
[White "Shevchenko, Kirill"]
[Black "Volokitin, Andrei"]
[Result "1-0"]
[WhiteElo "2652"]
[BlackElo "2687"]
[Annotator "TA"]
[PlyCount "69"]
[EventDate "2022.03.05"]
[EventType "team-tourn"]
[EventCountry "GER"]
[SourceTitle "playchess.com"]
[Source "ChessBase"]
[SourceQuality "1"]
[TimeControl "40/5400+30:1800+30"]

{[%evp 15,69,0,12,7,10,12,0,0,21,8,18,10,2,14,35,27,38,22,79,72,79,71,89,95,87,107,126,103,194,188,263,257,265,178,193,199,146,171,181,184,179,185,169,177,166,160,353,324,1486,1668,29987,29988,29988,29989,29997,29998]} 1. e4 {[%emt 0:00:00]} c5 {[%emt 0:00:00]} 2. Nc3 {[%emt 0:00:00]} d6 {[%emt 0:00:00]} 3. Nf3 {[%emt 0:00:00]} Nf6 {[%emt 0:00:00]} 4. d4 {[%emt 0:00:00]} cxd4 {[%emt 0:00:00]} 5. Nxd4 {[%emt 0:00:00]} a6 {[%emt 0:00:00]} 6. Bd3 {[%emt 0:00:00]} e5 {[%emt 0:00:00]} 7. Nde2 {[%emt 0:00:00]} Be7 {[%emt 0:00:00]} 8. O-O {[%emt 0:00:00]} O-O {[%emt 0:00:00]} 9. Ng3 {[%emt 0:00:09] B90: Sicilian Najdorf: Unusual White 6th moves, 6 Be3 Ng4 and 6 Be3 e5.} Be6 {[%emt 0:00:00]} 10. Nd5 {[%emt 0:01:49]} Bxd5 {[%emt 0:00:00]} (10... Nbd7 {is more complex.} 11. c4 Nc5 12. Be3 Nxd3 13. Bb6 Qe8) 11. exd5 {[%emt 0:00:03] The position is equal.} g6 {[%emt 0:00:00] Inhibits Nf5.} 12. a4 $5 {[%emt 0:01:44][%mdl 4] An interesting side line.} Nbd7 {[%emt 0:00:00]} 13. a5 {[%emt 0:00:39]} b5 {[%emt 0:00:00]} (13... Nxd5 {is interesting.} 14. Bh6 Re8 15. Bxg6 hxg6 16. Qxd5 Qc7) 14. c4 {[%emt 0:00:59]} b4 {[%emt 0:00:00] [#]} 15. Bc2 $146 {[%emt 0:02:12]} ({Predecessor:} 15. b3 Nc5 16. Bc2 Nfd7 17. Bd2 Rb8 18. Qe1 Rb7 19. Ne2 Bg5 20. Bxb4 Qb8 21. Ba3 Nxb3 22. Bxb3 Rxb3 {1-0 (63) Van Foreest,J (2632)-Volokitin,A (2633) Germany 2019}) 15... Qc7 {[%emt 0:47:16]} 16. b3 {[%emt 0:05:33]} Nc5 {[%emt 0:10:52]} (16... Rab8 $11) 17. f4 $16 {[%emt 0:04:31] White leaves nothing to chance now.} exf4 {[%emt 0:15:22]} 18. Bxf4 {[%emt 0:07:04]} Nfd7 {[%emt 0:04:16] [#]} 19. Nf5 $1 {[%emt 0:21:25]} gxf5 {[%emt 0:02:39]} 20. Bxf5 {[%emt 0:11:49]} Nf6 {[%emt 0:00:35]} 21. Rf3 {[%emt 0:08:57][%cal Bf1f3,Bf3e3,Be3h3][%mdl 1056] Threatens to win with Qd4. White has strong compensation.} Rfe8 {[%emt 0:07:00]} (21... Nce4 $2 22. Qe1 Rfe8 23. Re3 $18 (23. Bxe4 Nxe4 24. Qxe4 Bf6 $18)) (21... Ncd7 $16) 22. Qd4 $1 $18 {[%emt 0:20:42]} Qa7 {[%emt 0:12:41]} (22... Nce4 $142) 23. Be3 {[%emt 0:09:05] A strong pair of Bishops.} Bd8 {[%emt 0:00:10][%cal Oe8e3]} (23... Nxb3 24. Qh4 Nxa1 25. Bxa7 Rxa7 26. Rh3 $18) 24. Qf4 {[%emt 0:01:52] White threatens Rg3+ and mate.} Rxe3 {[%emt 0:00:59]} 25. Rxe3 {[%emt 0:00:03]} (25. Qxe3 Ncd7 $11) 25... Ncd7 {[%emt 0:00:28]} (25... Nxb3 26. Rd1 Nxa5 27. Kh1 $18) 26. Kh1 {[%emt 0:02:50] 0x0.0005ebddc807dp-1022s more active pieces.} Ne5 {[%emt 0:00:07] [#]} 27. Rae1 $1 {[%emt 0:00:58]} Be7 {[%emt 0:00:54]} 28. g4 {[%emt 0:01:16][%cal Bg2g4,Bg4g5][%mdl 32] Hoping for g5.} Bf8 {[%emt 0:00:32]} 29. g5 $36 {[%emt 0:00:25][%mdl 2048] White is in control.} Nfd7 {[%emt 0:00:14] [#]} (29... Nh5 $2 30. Qh4 Ng6 31. Qxh5 $18) 30. Rh3 $1 {[%emt 0:00:46]} (30. Qh4 Ng6 31. Qg3 Nde5 $11) 30... Ng6 $2 {[%emt 0:00:30]} (30... Bg7 $16 {was necessary.}) 31. Bxg6 {[%emt 0:00:37]} hxg6 $2 {[%emt 0:00:42] [#]} (31... fxg6 32. Rxh7 Kxh7 33. Qf7+ Bg7) 32. Re7 $3 {[%emt 0:00:27][%mdl 512]} Bxe7 {[%emt 0:00:41]} (32... Ne5 33. Rxa7) 33. Qh4 {[%emt 0:00:01][%csl Gh3][%cal Rh4h8] White mates.} Qd4 {[%emt 0:00:31]} 34. Qxd4 {[%emt 0:00:04][%csl Gh3][%cal Rd4h8]} Ne5 {[%emt 0:00:09]} 35. Qh4 {[%emt 0:00:04] Weighted Error Value: White=0.05 (flawless) /Black=0.29 (precise)} 1-0

[Event "German Bundesliga 2021-22"]
[Site "Germany"]
[Date "2022.04.30"]
[Round "5.1"]
[White "Postny, Evgeny"]
[Black "Huschenbeth, Niclas"]
[Result "1/2-1/2"]
[WhiteElo "2567"]
[BlackElo "2611"]
[Annotator "TA"]
[PlyCount "190"]
[EventDate "2022.03.05"]
[EventType "team-tourn"]
[EventCountry "GER"]
[SourceTitle "playchess.com"]
[Source "ChessBase"]
[SourceQuality "1"]
[TimeControl "40/5400+30:1800+30"]

{[%evp 92,190,-5,-5,-6,-6,-6,-6,-6,-6,0,-6,-6,-8,-8,-8,-8,-8,-7,-7,0,0,0,0,0,-8,-8,-8,-8,-8,-8,-8,-8,-8,-8,-8,-8,-8,-8,-8,-8,-8,-8,-8,-8,-8,-8,-8,-8,-13,-8,-8,-8,-8,-8,-8,-8,-8,0,-8,0,-8,0,-8,0,-13,-13,-13,-13,-52,-52,-52,-13,-52,-52,-52,-52,-52,-52,-52,-52,-52,-52,-52,-52,-52,-52,-52,-52,-52,-52,-52,-52,-52,-52,-52,-52,-52,-8,-8,-8]} 1. d4 {[%emt 0:00:00]} Nf6 {[%emt 0:00:00]} 2. c4 {[%emt 0:00:00]} e6 {[%emt 0:00:00]} 3. Nc3 {[%emt 0:00:00]} Bb4 {[%emt 0:00:00]} 4. e3 {[%emt 0:00:00]} O-O {[%emt 0:00:00]} 5. Nf3 {[%emt 0:00:00]} d5 {[%emt 0:00:00]} 6. Bd3 {[%emt 0:00:00]} dxc4 {[%emt 0:00:00]} 7. Bxc4 {[%emt 0:00:00]} c5 {[%emt 0:00:00]} 8. O-O {[%emt 0:00:00]} cxd4 {[%emt 0:00:00]} 9. exd4 {[%emt 0:00:00]} b6 {[%emt 0:00:00]} 10. Bg5 {[%emt 0:00:00]} h6 {[%emt 0:00:00]} 11. Bh4 {[%emt 0:00:00]} Bb7 {[%emt 0:00:00]} 12. Rc1 {[%emt 0:02:33]} Nc6 {[%emt 0:00:00]} 13. Bd3 {[%emt 0:05:54]} Be7 {[%emt 0:00:56]} 14. Bb1 {[%emt 0:03:26]} Nh5 {[%emt 0:07:27]} 15. Bg3 {[%emt 0:09:49]} Nxg3 {[%emt 0:00:42]} 16. hxg3 {[%emt 0:00:05]} Bf6 {[%emt 0:17:08]} 17. d5 {[%emt 0:09:23]} exd5 {[%emt 0:00:16]} 18. Nxd5 {[%emt 0:00:16]} Re8 {[%emt 0:10:36]} 19. Qd3 {[%emt 0:12:11]} g6 {[%emt 0:00:22]} 20. Nxf6+ {[%emt 0:00:33]} Qxf6 {[%emt 0:00:06]} 21. Qc3 {[%emt 0:01:43]} Kg7 {[%emt 0:19:07]} 22. Rfd1 {[%emt 0:05:45]} Rad8 {[%emt 0:03:35]} 23. Rxd8 {[%emt 0:09:51]} Rxd8 {[%emt 0:07:01]} 24. Qxf6+ {[%emt 0:06:15]} Kxf6 {[%emt 0:00:04]} 25. a3 {[%emt 0:00:05]} g5 {[%emt 0:06:27]} 26. Be4 {[%emt 0:09:17]} Rd6 {[%emt 0:12:01]} 27. Re1 {[%emt 0:19:30]} Re6 {[%emt 0:09:54]} 28. Nd2 {[%emt 0:02:09]} Kg7 {[%emt 0:02:56]} 29. Re3 {[%emt 0:01:07]} Rd6 {[%emt 0:01:45]} 30. Rd3 {[%emt 0:00:25]} Rxd3 {[%emt 0:00:15]} 31. Bxd3 {[%emt 0:00:04]} Kf6 {[%emt 0:01:13]} 32. f4 {[%emt 0:00:35]} Nd4 {[%emt 0:00:55]} 33. Kf2 {[%emt 0:00:18]} Ke6 {[%emt 0:01:27]} 34. Ke3 {[%emt 0:02:40]} Nf5+ {[%emt 0:00:20]} 35. Kf2 {[%emt 0:00:05]} f6 {[%emt 0:01:30]} 36. Nb1 {[%emt 0:02:33]} Nd4 {[%emt 0:01:33]} 37. Nc3 {[%emt 0:00:52]} Bc6 {[%emt 0:00:29]} 38. b4 {[%emt 0:01:11]} Nf5 {[%emt 0:00:33]} 39. Bc2 {[%emt 0:00:48]} Nd6 {[%emt 0:00:37]} 40. Bb3+ {[%emt 0:00:27]} Kf5 {[%emt 0:00:28]} 41. Bc2+ {[%emt 0:30:15]} Ke6 {[%emt 0:30:08]} 42. Bb3+ {[%emt 0:00:07]} Kd7 {[%emt 0:00:00]} 43. Bg8 {[%emt 0:00:00]} a5 {[%emt 0:00:00]} 44. Bb3 {[%emt 0:00:00]} axb4 {[%emt 0:00:00]} 45. axb4 {[%emt 0:00:00]} Ne4+ {[%emt 0:00:00]} 46. Nxe4 {[%emt 0:00:00]} Bxe4 {[%emt 0:00:00]} 47. Bc4 {[%emt 0:00:00]} Kd6 {[%emt 0:00:00]} 48. Bb3 {[%emt 0:00:00]} Kc6 {[%emt 0:00:00]} 49. Bc4 $1 {[%emt 0:00:00]} Kd7 {[%emt 0:00:00]} 50. Bf7 {[%emt 0:00:00]} Kd6 {[%emt 0:00:00]} 51. Bb3 {[%emt 0:00:00]} Bd5 {[%emt 0:00:00]} 52. Bc2 {[%emt 0:00:00]} Ke6 {[%emt 0:00:00]} 53. Bd3 {[%emt 0:00:00]} Bc6 {[%emt 0:00:00]} 54. Be2 $1 {[%emt 0:00:00]} Be4 {[%emt 0:00:00]} 55. Ba6 {[%emt 0:00:00]} h5 {[%emt 0:04:23]} 56. Bc4+ {[%emt 0:00:00]} Kf5 {[%emt 0:00:40]} 57. Be2 {[%emt 0:00:00]} gxf4 {[%emt 0:01:59]} 58. Bxh5 {[%emt 0:00:03]} fxg3+ {[%emt 0:00:06]} 59. Kxg3 {[%emt 0:00:07]} Ke5 {[%emt 0:00:11]} 60. Be8 {[%emt 0:04:37]} Kd4 {[%emt 0:01:26]} 61. Kf2 {[%emt 0:04:00]} Kc4 {[%emt 0:01:11]} 62. b5 {[%emt 0:00:05]} Kc5 {[%emt 0:00:36]} 63. g4 {[%emt 0:00:06]} Kd4 {[%emt 0:00:57]} 64. Bd7 {[%emt 0:01:09]} Bd5 {[%emt 0:00:35]} (64... Ke5 $5 {[%cal Re5f4]}) 65. Bc6 {[%emt 0:01:38]} Be6 {[%emt 0:00:27]} 66. Kf3 {[%emt 0:00:16]} Ke5 {[%emt 0:00:04]} 67. Be8 {[%emt 0:00:13]} Bb3 {[%emt 0:00:28]} 68. Bc6 {[%emt 0:00:21]} Bd1+ {[%emt 0:00:15]} 69. Kg3 {[%emt 0:00:05]} Be2 {[%emt 0:00:07]} 70. Be8 {[%emt 0:00:09]} Bd3 {[%emt 0:01:32]} 71. Bc6 {[%emt 0:00:40]} Bg6 {[%emt 0:00:20]} 72. Kf3 {[%emt 0:00:18]} Bf7 {[%emt 0:00:18]} 73. Ke3 {[%emt 0:00:13]} Bc4 {[%emt 0:00:22]} 74. Kf3 {[%emt 0:00:15]} Be6 {[%emt 0:00:23]} 75. Kg3 {[%emt 0:00:09]} Bb3 {[%emt 0:01:09]} 76. Kf3 {[%emt 0:00:20]} Bd1+ {[%emt 0:00:06]} 77. Kg3 {[%emt 0:00:05]} Be2 {[%emt 0:00:15]} 78. Be8 {[%emt 0:00:13]} Ke4 {[%emt 0:00:19]} 79. Bc6+ {[%emt 0:00:24]} Ke3 {[%emt 0:00:04]} 80. Bd7 {[%emt 0:00:08]} Bd3 {[%emt 0:00:47]} 81. Be8 {[%emt 0:00:42]} Be4 {[%emt 0:00:29]} 82. Bc6 {[%emt 0:00:14]} Bg6 {[%emt 0:00:37]} 83. Bd7 {[%emt 0:00:24]} Bf7 {[%emt 0:00:47]} 84. Bc6 {[%emt 0:00:26]} Be6 {[%emt 0:00:25]} 85. Be8 {[%emt 0:00:06]} f5 {[%emt 0:00:27]} 86. gxf5 {[%emt 0:00:36]} Bxf5 {[%emt 0:00:04]} 87. Bc6 {[%emt 0:00:23]} Bd3 {[%emt 0:00:18]} 88. Be8 $1 {[%emt 0:00:11]} Kd4 {[%emt 0:00:35]} 89. Kf2 {[%emt 0:00:06]} Kc5 {[%emt 0:00:06]} 90. Ke3 {[%emt 0:00:23]} Bxb5 {[%emt 0:00:03]} 91. Bg6 {[%emt 0:00:12]} Kc4 {[%emt 0:01:31]} 92. Kd2 {[%emt 0:00:09]} Kb3 {[%emt 0:00:07]} 93. Kc1 {[%emt 0:00:08]} Bc4 {[%emt 0:00:22]} 94. Be8 {[%emt 0:00:12]} b5 {[%emt 0:00:04]} 95. Bxb5 $1 {[%emt 0:00:04]} Bxb5 {[%emt 0:00:02]} 1/2-1/2

[Event "German Bundesliga 2021-22"]
[Site "Germany"]
[Date "2022.04.30"]
[Round "5.1"]
[White "Khenkin, Igor"]
[Black "Harikrishna, Pentala"]
[Result "0-1"]
[WhiteElo "2509"]
[BlackElo "2719"]
[Annotator "TA"]
[PlyCount "52"]
[EventDate "2022.03.05"]
[EventType "team-tourn"]
[EventCountry "GER"]
[SourceTitle "playchess.com"]
[Source "ChessBase"]
[SourceQuality "1"]
[TimeControl "40/5400+30:1800+30"]

{[%evp 9,52,-1,0,3,13,0,14,5,9,4,12,0,0,0,0,-7,0,0,0,-6,0,-9,0,-20,25,-21,-9,-117,-124,-211,-201,-212,-211,-267,-262,-350,-350,-354,-371,-430,-425,-437,-425,-457,-445]} 1. d4 {[%emt 0:00:00]} Nf6 {[%emt 0:00:00]} 2. c4 {[%emt 0:00:00]} e6 {[%emt 0:00:00]} 3. Nf3 {[%emt 0:00:00]} d5 {[%emt 0:00:00]} 4. e3 {[%emt 0:00:00]} Nbd7 {[%emt 0:00:00]} 5. Nbd2 {[%emt 0:00:00]} c5 {[%emt 0:00:00]} 6. b3 {[%emt 0:00:00] D30: Queen's Gambit Declined: Systems without Nc3.} b6 {[%emt 0:00:00]} 7. Bb2 {[%emt 0:00:00]} Bb7 {[%emt 0:00:00]} 8. Bd3 {[%emt 0:00:00] The position is equal.} dxc4 $5 {[%emt 0:02:31][%mdl 4] Leaves trodden paths.} 9. bxc4 {[%emt 0:00:00]} Qc7 {[%emt 0:03:39]} 10. O-O {[%emt 0:00:39][%cal Od4d5]} Bd6 {[%emt 0:01:06] [#]} 11. a4 $146 {[%emt 0:14:24]} ({Predecessor:} 11. Rc1 O-O 12. Qe2 Rfe8 13. Bb1 cxd4 14. exd4 e5 15. d5 e4 16. Nd4 Bxh2+ 17. Kh1 {1-0 (40) Johansson,R (2095)-Welin,M (2242) Gothenburg 2004}) 11... O-O {[%emt 0:09:35]} 12. a5 {[%emt 0:04:31]} cxd4 {[%emt 0:04:14]} 13. exd4 {[%emt 0:00:23]} e5 {[%emt 0:02:46]} 14. axb6 {[%emt 0:19:16]} axb6 {[%emt 0:00:08]} 15. d5 {[%emt 0:09:24]} Nc5 {[%emt 0:12:22]} 16. Qc2 {[%emt 0:06:22]} Rae8 {[%emt 0:09:20]} 17. Rfe1 {[%emt 0:01:21]} (17. Ng5 {is superior.}) 17... b5 $11 {[%emt 0:01:17]} 18. cxb5 {[%emt 0:18:10] [#]} (18. Ng5 $11) 18... e4 $1 $17 {[%emt 0:01:01]} 19. Nxe4 {[%emt 0:19:17]} (19. Rxe4 $17 Nfxe4 20. Nxe4 Nxe4 21. Bxe4 Qxc2 22. Bxc2) 19... Ncxe4 $19 {[%emt 0:04:59]} ({Inferior is} 19... Nfxe4 20. Rxe4 Nxe4 21. Bxe4 Qxc2 22. Bxc2 $17) 20. Qxc7 {[%emt 0:04:21]} Bxc7 {[%emt 0:00:16]} 21. Bxe4 {[%emt 0:01:24]} Rxe4 {[%emt 0:03:03]} 22. Bxf6 {[%emt 0:00:33]} Rxe1+ {[%emt 0:00:07]} 23. Rxe1 {[%emt 0:00:09] Strongly threatening Be7.} gxf6 {[%emt 0:00:04]} 24. b6 {[%emt 0:01:42]} Bxb6 {[%emt 0:07:55] Black is clearly winning.} 25. Rb1 {[%emt 0:00:01] [#]} Ra8 $1 {[%emt 0:00:11][%cal Oa8a2]} 26. h3 {[%emt 0:00:41] [#]} (26. Nd2 Ra6) 26... Bc7 $1 {[%emt 0:00:47] Weighted Error Value: White=0.35/Black=0.05 (flawless)} 0-1